Sports Quiz

Random Sports or Basketball Quiz
Score 0/110 Timer 07:00
0 Plays Today
Temporada Nome % Correct
2016-17Alex
100%
2013-14Alex
100%
2011-12Alex
100%
2008-09Alex
100%
2018-19Shamell
96.2%
2018-19David Jackson
96.2%
2017-18Shamell
96.2%
2017-18David Jackson
96.2%
2016-17Shamell
96.2%
2016-17David Jackson
96.2%
2015-16Shamell
96.2%
2014-15Shamell
96.2%
2014-15David Jackson
96.2%
2013-14Shamell
96.2%
2013-14David Jackson
96.2%
2011-12Shamell
96.2%
2010-11Shamell
96.2%
2009-10Shamell
96.2%
2008-09Shamell
96.2%
2018-19Fuller
92.3%
2018-19Lucas Dias
92.3%
2017-18Marquinhos
92.3%
2016-17Marquinhos
92.3%
2015-16Marquinhos
92.3%
2015-16Lucas Dias
92.3%
2014-15Marquinhos
92.3%
2013-14Marcelinho
92.3%
2012-13Marquinhos
92.3%
2011-12Marcelinho
92.3%
2011-12Marquinhos
92.3%
2010-11Marcelinho
92.3%
2010-11Marquinhos
92.3%
2009-10Marcelinho
92.3%
2008-09Marcelinho
92.3%
2008-09Marquinhos
92.3%
2018-19Jefferson
88.5%
2016-17Jefferson
88.5%
Temporada Nome % Correct
2018-19Zach Graham
84.6%
2018-19Leandrinho
80.8%
2018-19JP Batista
80.8%
2017-18Leandrinho
80.8%
2015-16Guilherme Giovannoni
80.8%
2014-15Guilherme Giovannoni
80.8%
2013-14Leandrinho
80.8%
2012-13Murilo
80.8%
2011-12Murilo
80.8%
2011-12Leandrinho
80.8%
2011-12Guilherme Giovannoni
80.8%
2010-11Murilo
80.8%
2010-11Guilherme Giovannoni
80.8%
2010-11Olivinha
80.8%
2009-10Guilherme Giovannoni
80.8%
2009-10Olivinha
80.8%
2009-10Murilo
80.8%
2008-09Murilo
80.8%
2008-09Olivinha
80.8%
2012-13Nezinho
76.9%
2008-09Larry Taylor
73.1%
2017-18Hettsheimeir
69.2%
2016-17Hettsheimeir
69.2%
2015-16Hettsheimeir
69.2%
2014-15Hettsheimeir
69.2%
2017-18Cauê Borges
65.4%
2017-18Holloway
61.5%
2016-17Holloway
61.5%
2015-16Holloway
61.5%
2013-14Holloway
61.5%
2013-14Robert Day
61.5%
2012-13Holloway
61.5%
2012-13Robert Day
61.5%
2011-12Robert Day
61.5%
2010-11Robert Day
61.5%
2016-17Kendall Anthony
53.8%
2016-17Betinho
53.8%
Temporada Nome % Correct
2016-17Lucas Mariano
53.8%
2012-13Betinho
53.8%
2017-18Jamaal
50%
2014-15Jamaal
50%
2012-13Dawkins
50%
2018-19Coleman
46.2%
2014-15Léo Meindl
38.5%
2015-16Caio Torres
34.6%
2009-10Fernando Fischer
34.6%
2013-14Paulão Prestes
23.1%
2018-19Anton Cook
19.2%
2017-18Anton Cook
19.2%
2010-11André
19.2%
2015-16Neto
15.4%
2015-16Pedro
15.4%
2013-14Manny Quezada
15.4%
2012-13Joe Smith
15.4%
2010-11Collum
15.4%
2008-09Dedé
15.4%
2008-09Amiel
7.7%
2017-18Stocks
3.8%
2014-15LaMonte
3.8%
2013-14Taboada
3.8%
2012-13Benzor Simmons
3.8%
2012-13Jermaine Beal
3.8%
2011-12Sowell
3.8%
2009-10Paulinho Boracini
3.8%
2009-10Filipin
3.8%
2008-09Márcio Dornelles
3.8%
2015-16Calvo
0%
2014-15Caleb Brown
0%
2014-15O'Neal Hobson
0%
2011-12Luciano Gonzalez
0%
2010-11Robinson
0%
2009-10Jay Parker
0%
2009-10Fernando
0%

You're not logged in!

Compare scores with friends on all Sporcle quizzes.
OR
Log In

Sporcle TV

Today on Sporcle TV


Watch our educational content, quiz creation guides, and fun videos on Sporcle TV.

Show Comments

Extras

Top Quizzes Today


Score Distribution

Paid Content

Your Account Isn't Verified!

In order to create a playlist on Sporcle, you need to verify the email address you used during registration. Go to your Sporcle Settings to finish the process.

Report this User

Report this user for behavior that violates our Community Guidelines.

Details: